000 02656nam a2200433 c 4500
003 BLK
005 20250422174824.0
008 180408b bul|||||r ||||||| ||bul||
010 _aKNG00059679000
020 _a954-8104-14-8
_bиздат.: Бълг. енциклопедия БАН - (Бълг. енциклопедия БАН)
020 _a954-528-555-9
_bиздат.: Труд - (Труд )
040 _aBLK
041 _aBUL
_cBUL
072 7 _2bullib
_aЛ0101
_xБилколечение. Природолечение. Народна медицина
080 _aПриложна ботаника. Икономическа ботаника. Диворастящи лекарствени растения и др.
_b581.6
_x(497.2)(031)
_z581.6(497.2)(031)
080 _aЛекарствени средства от растителен произход. Подразделя се със знак за отношение :582; :633/635; :665.3
_b615.322
_x(031)
_z615.322(031)
700 1 _aНиколов, Стефан Димитров
_eглав. ред.
_9286375
139 _aСпециализирана енциклопедия на лечебните растения в България
_bС 56
245 1 0 _aСпециализирана енциклопедия на лечебните растения в България
_cглав. ред. Стефан Димитров Николов.
257 _aBGR
260 София
_bБълг. енциклопедия БАН
_bТруд
_c2006
_fВ. Търново : Абагар
300 _a567 с.
_bс ил., 10 л. : цв. ил.
_c24 см
380 _a5
500 _aИзд. на БАН. Научноинформ. център Бълг. енциклопедия, Мед. унив. Фармацефтичен фак. - Офс. изд. - Съдържа и Справочник на медицинските термини ; Справочник на химическите термини. - Азб. показалец.
650 4 _aМедицински растения - България - свойства и приложение
_9264197
650 4 _aФитотерапия - енциклопедии и справочници
_9244306
653 _aлечебни растения
653 _aмедицински растения
653 _aфитотерапия
653 _aБългария
653 _aенциклопедии
659 _aЛ
852 _aЦб 227732
856 4 _qpdf
_u
856 4 _qpdf
_u
942 _cKNG
_n0
_05
944 _aCR
_c31.05.2006
_k30576
_lЦветомила Тодорова
944 _aED
_c02.10.2012
_k
999 _c55707
_d55707